| 000 | 01000nam a2200289Ia 4500 | ||
|---|---|---|---|
| 005 | 20220317001045.0 | ||
| 008 | 160825s2008 sp a g 000 0 spa | ||
| 020 | _a97884206388012 | ||
| 082 | 0 | 4 |
_a792.028 _bS71c |
| 100 | 1 |
_aStanislavski, Constantin _d1863-1938 |
|
| 245 | 1 | 3 |
_aLa construcción del personaje _cConstantin Stanislavski ; Traducido por Bernardo Fernández |
| 250 |
_a1a.edición _b6a reimpresión |
||
| 300 |
_a363 páginas _bilustraciones _c18 cm |
||
| 490 |
_aEl libro de bolsillo _pcine y comunicación |
||
| 534 | _tBuilding a character | ||
| 650 | 1 | 4 |
_2LEMB _aTeatro _xTécnica |
| 650 | 1 | 4 |
_2LEMB _aCaracterización teatral |
| 650 | 1 | 4 |
_2LEMB _aActuación teatral |
| 650 | 1 | 4 |
_2LEMB _aArtes escénicas |
| 700 | 1 |
_aFernández, Bernardo _964971 |
|
| 942 |
_2ddc _cBK |
||
| 264 |
_aMadrid _bAlianza _c2008 |
||
| 336 |
_atexto _btxt _2rdacontent |
||
| 337 |
_asin mediación _bn _2rdamedia |
||
| 338 |
_avolumen _bnc _2rdacarrier |
||
| 040 |
_aCO-BoRNBP _bspa _erda _cCO-BoRNBP |
||
| 999 |
_c5807 _d5807 |
||